000 00283nam a22001337a 4500
008 170629b xxu||||| |||| 00| 0 eng d
020 _a9780192821126
041 _aeng
080 _a82
100 _a22
101 _aGJL
245 _aLEGAL ANECDOTES
_cGILBERT,M
942 _2udc
_cBK
999 _c19500
_d19500